000
00206nam a22001097a 4500
041
_a
eng
080
_a
80
100
_a
Longerich, P.
245
_a
Deutschland 1918-1933
650
_a
German
999
_c
277760
_d
277760
942
_c
BK